| 000 -CABECERA |
| Campo de control de longitud fija |
00920nam a22001817a 4500 |
| 008 - CAMPO FIJO DE DESCRIPCIÓN FIJA--INFORMACIÓN GENERAL |
| Campo de control de longitud fija |
231024b ||||| |||| 00| 0 eng d |
| 040 ## - FUENTE DE CATALOGACIÓN |
| Agencia de catalogación original |
CDMR |
| 110 2# - ENCABEZAMIENTO PRINCIPAL--NOMBRE CORPORATIVO |
| 9 (RLIN) |
3969 |
| Nombre corporativo o de jurisdicción como elemento de entrada |
Universitat de Barcelona |
| Unidad subordinada |
CRAI Biblioteca del Pavelló de la República |
| 245 ## - MENCIÓN DE TÍTULO |
| Título |
La premsa republicana a l'exili [recurs electrònic] |
| Mención de responsabilidad, etc. |
/ Universitat de Barcelona. CRAI Biblioteca del Pavelló de la República |
| 246 ## - FORMA VARIANTE DEL TÍTULO |
| Título propiamente dicho/forma breve del título |
Revistes de l'exili |
| 260 ## - PUBLICACIÓN, DISTRIBUCIÓN, ETC (PIE DE IMPRENTA) |
| Fecha de publicación, distribución, etc. |
[201-?] |
| 300 ## - DESCRIPCIÓN FÍSICA |
| Extensión |
1 recurs electrònic |
| 505 ## - NOTA DE CONTENIDO FORMATEADA |
| Nota de contenido con formato preestablecido |
Recull integrat per 889 títols editats en més de 51 països. Segons la UB, representa la col·lecció hemerogràfica més extensa i important sobre l’exili republicà, tant català com espanyol. |
| 650 #0 - ASIENTO SECUNDARIO DE MATERIA--TÉRMINO DE MATERIA |
| 9 (RLIN) |
1524 |
| Nombre de materia o nombre geográfico como elemento de entrada |
Premsa |
| Subdivisión geográfica |
Catalunya |
| Subdivisión general |
Història |
| Subdivisión cronológica |
1939-1975 |
| 650 #0 - ASIENTO SECUNDARIO DE MATERIA--TÉRMINO DE MATERIA |
| 9 (RLIN) |
3636 |
| Nombre de materia o nombre geográfico como elemento de entrada |
Exiliats |
| Subdivisión geográfica |
Catalunya |
| Subdivisión general |
Cobertura periodística |
| Subdivisión de forma |
1939-1975 |
| 856 ## - ACCESO ELECTRÓNICO |
| Identificador uniforme del recurso URI |
<a href="https://www.ub.edu/craiexili/cerca">https://www.ub.edu/craiexili/cerca</a> |
| Nota Pública |
Accés en línia |
| 942 ## - ELEMENTOS KOHA |
| Fuente de clasificación o esquema de ordenación en estanterías |
|
| Koha tipo de item |
Recursos en línia |